Missing Word: Williams Quiz Stats

 Plays Quiz Updated Mar 13, 2016

Challenge
Share
Tweet
Embed
Score 0/20 Timer 03:00
1 Play Today
Hint Word % Correct
Robin Williams
🎥 movies 🎥
Good
99.3%
John Williams
🎶 film scores 🎶
Park
98.9%
John Williams
🎶 film scores 🎶
List
98.2%
Robin Williams
🎥 movies 🎥
Dead
98.1%
Robin Williams
🎥 movies 🎥
Morning
97.7%
Robin Williams
🎥 movies 🎥
Doubtfire
97.1%
John Williams
🎶 film scores 🎶
Star
96.1%
Tennessee Williams
🎭 plays 🎭
Desire
95.6%
Tennessee Williams
🎭 plays 🎭
Cat
93.4%
Vanessa Williams
📺 TV shows 📺
Housewives
91.4%
Hint Word % Correct
Vanessa Williams
📺 TV shows 📺
Ugly
90.4%
Tennessee Williams
🎭 plays 🎭
Glass
78.4%
Robin Williams
🎥 movies 🎥
King
78%
John Williams
🎶 film scores 🎶
Memoirs
77.5%
Vanessa Williams
📺 TV shows 📺
Avenue
77.4%
John Williams
🎶 film scores 🎶
Ashes
76.8%
Tennessee Williams
🎭 plays 🎭
Iguana
34%
Vanessa Williams
📺 TV shows 📺
Beach
27.2%
Vanessa Williams
📺 TV shows 📺
Home
21.4%
Tennessee Williams
🎭 plays 🎭
Smoke
13.5%

Today's Daily Dose

You're not logged in!

Compare scores with friends on all Sporcle quizzes.
OR
Log In

You Might Also Like...

Show Comments

Extras

Top Quizzes Today


Score Distribution

Your Account Isn't Verified!

In order to create a playlist on Sporcle, you need to verify the email address you used during registration. Go to your Sporcle Settings to finish the process.

Report this User

Report this user for behavior that violates our Community Guidelines.

Details: